Participantes do BBB 2008 - Statistics

Estatísticas Gerais
  • Esse quiz foi jogado 15 vezes
  • A pontuação média é 7 de 14
Estatísticas das Respostas
Hint Resposta % Correto
Vencedor(a) Rafinha
100%
2º Lugar Gyselle
93%
12º eliminado(a) Natália
73%
11º eliminado(a) Marcos
60%
8º eliminado(a) Juliana
53%
9º eliminado(a) Marcelo
53%
10º eliminado(a) Thatiana
40%
3º eliminado(a) Alexandre
33%
1º eliminado(a) Jaque Khury
33%
6º eliminado(a) Luiz Fernando
33%
5º eliminado(a) Bianca
27%
7º eliminado(a) Luiz Felipe
27%
4º eliminado(a) Thalita
27%
2º eliminado(a) Rafael
20%
Nenhum quiz correspondente encontrado
Distribuição das Pontuações
Porcentagem de Pessoas com Cada Pontuação
Percentil de Números Respondidos
Sua Pontuação Histórica
Você não jogou esse quiz